Statistics for Top 10 Diamond Producing Countries

Click here to take the quiz!

General Stats

  • This quiz has been taken 13,653 times
    (12,094 since last reset)
  • The average score is 6 of 10

Answer Stats

Carats Country % Correct
6,000,000South Africa
91%
3,150,000D.R. Congo
75%
21,500,000Russia
68%
500,000Zimbabwe
65%
1,920,000Namibia
64%
17,300,000Botswana
63%
7,100,000Angola
63%
12,000,000Canada
51%
350,000Lesotho
39%
500,000Sierra Leone
32%

Score Distribution

Percentile by Number Answered

Percent of People with Each Score

Your Score History

You have not taken this quiz since the last reset